<?xml version="1.0" encoding="UTF-8"?>
<record
    xmlns:xsi="http://www.w3.org/2001/XMLSchema-instance"
    xsi:schemaLocation="http://www.loc.gov/MARC21/slim http://www.loc.gov/standards/marcxml/schema/MARC21slim.xsd"
    xmlns="http://www.loc.gov/MARC21/slim">

  <leader>00589nam a22001697a 4500</leader>
  <controlfield tag="005">20260303145434.0</controlfield>
  <controlfield tag="008">260303b        |||||||| |||| 00| 0 eng d</controlfield>
  <datafield tag="020" ind1=" " ind2=" ">
    <subfield code="a">9789387791312</subfield>
  </datafield>
  <datafield tag="040" ind1=" " ind2=" ">
    <subfield code="c">VITAP</subfield>
  </datafield>
  <datafield tag="082" ind1=" " ind2=" ">
    <subfield code="2">23</subfield>
    <subfield code="a">294.5921 BEH</subfield>
  </datafield>
  <datafield tag="100" ind1=" " ind2=" ">
    <subfield code="a">Behl, Benoy K.</subfield>
    <subfield code="9">17186</subfield>
  </datafield>
  <datafield tag="245" ind1=" " ind2=" ">
    <subfield code="a">Hindu Deities Worshipped In Japan</subfield>
    <subfield code="c">/ Benoy K Behl</subfield>
  </datafield>
  <datafield tag="260" ind1=" " ind2=" ">
    <subfield code="a">Chennai</subfield>
    <subfield code="b">THG Publishing Group Pvt. Ltd.</subfield>
  </datafield>
  <datafield tag="300" ind1=" " ind2=" ">
    <subfield code="a">211p, ill.: 29cm</subfield>
  </datafield>
  <datafield tag="650" ind1=" " ind2="0">
    <subfield code="a">Indo-Japanese Cultural Links, Major Hindu Deities in Japan, Temples and Worship Practices in Japan, Religious Syncretism etc.</subfield>
    <subfield code="9">17187</subfield>
  </datafield>
  <datafield tag="942" ind1=" " ind2=" ">
    <subfield code="2">ddc</subfield>
    <subfield code="c">REF</subfield>
  </datafield>
  <datafield tag="999" ind1=" " ind2=" ">
    <subfield code="c">47319</subfield>
    <subfield code="d">47319</subfield>
  </datafield>
  <datafield tag="952" ind1=" " ind2=" ">
    <subfield code="0">0</subfield>
    <subfield code="1">0</subfield>
    <subfield code="2">ddc</subfield>
    <subfield code="3">Hard Bound</subfield>
    <subfield code="4">0</subfield>
    <subfield code="7">1</subfield>
    <subfield code="8">REF</subfield>
    <subfield code="a">VSB</subfield>
    <subfield code="b">VITAP</subfield>
    <subfield code="c">REF</subfield>
    <subfield code="d">2026-02-13</subfield>
    <subfield code="e">B.V. Pratap, The Hindu News Agent</subfield>
    <subfield code="g">2500.00</subfield>
    <subfield code="i">2026/2/325</subfield>
    <subfield code="l">0</subfield>
    <subfield code="o">294.5921 BEH</subfield>
    <subfield code="p">025535</subfield>
    <subfield code="r">2026-03-03 14:56:17</subfield>
    <subfield code="v">2500.00</subfield>
    <subfield code="w">2026-02-13</subfield>
    <subfield code="y">REF</subfield>
    <subfield code="z">GEN</subfield>
  </datafield>
</record>
